000 00467nam a2200193Ia 4500
005 20250423095144.0
008 250422s9999 xx 000 0 und d
020 _a8121925711
050 _aTK 146 .T44/
100 _aTheraja, B.L.
245 0 _aElectrical, electronics and telecommunication engineering
250 _a5th ed.
260 _aRam Nagar
260 _bS.Chand & Company Ltd.
260 _c2008
300 _a410 p
650 _aEE
942 _cBK
999 _c29407
_d29407